The parochial valuer's assistant for... valuing property for rating purposes (Record no. 105375)

MARC details
000 -LEADER
fixed length control field 00627cam a2200181 4500
001 - CONTROL NUMBER
control field ##L133271
008 - FIXED-LENGTH DATA ELEMENTS--GENERAL INFORMATION
fixed length control field 060425n1912 000 0 eng u
035 ## - SYSTEM CONTROL NUMBER
System control number (Sirsi) u133271
041 0# - LANGUAGE CODE
Language code of text/sound track or separate title eng
050 04 - LIBRARY OF CONGRESS CALL NUMBER
Classification number 333.3320212 $2 18
100 1# - MAIN ENTRY--PERSONAL NAME
Personal name Dolby, John
245 04 - TITLE STATEMENT
Title The parochial valuer's assistant for... valuing property for rating purposes
260 ## - PUBLICATION, DISTRIBUTION, ETC.
Place of publication, distribution, etc. London
Name of publisher, distributor, etc. Shaw and Sons
Date of publication, distribution, etc. 1912
300 ## - PHYSICAL DESCRIPTION
Extent 1
Type of unit v.
Other physical details ill
Dimensions 32cm.
520 ## - SUMMARY, ETC.
Summary, etc. Presents a series of calculation tables setting out weekly and yearly rentals from £1 to £10 000.
690 ## - LOCAL SUBJECT ADDED ENTRY--TOPICAL TERM (OCLC, RLIN)
Topical term or geographic name as entry element PROPERTY-RESIDENTIAL PROPERTY-RESIDENTIAL PROPERTY TAXATION
942 ## - ADDED ENTRY ELEMENTS (KOHA)
Suppress in OPAC 0
Holdings
Withdrawn status Lost status Source of classification or shelving scheme Damaged status Not for loan Home library Current library Shelving location Date acquired Total Checkouts Full call number Barcode Date last seen Copy number Price effective from Koha item type
    Dewey Decimal Classification     London London Basement 25/04/2006   SHELF 318 30072446 06/08/2019 1 06/08/2019 Book